Electric machinery fundamentals (Record no. 1110)

000 -LEADER
fixed length control field 00674nam a22002294a 4500
001 - CONTROL NUMBER
control field 1110
003 - CONTROL NUMBER IDENTIFIER
control field BD-DhUET
008 - FIXED-LENGTH DATA ELEMENTS--GENERAL INFORMATION
fixed length control field 030923s2005 nyua b 001 0 eng
020 ## - INTERNATIONAL STANDARD BOOK NUMBER
International Standard Book Number 0071151559
040 ## - CATALOGING SOURCE
Original cataloging agency DLC
Transcribing agency DLC
Modifying agency BD-DhUET
082 00 - DEWEY DECIMAL CLASSIFICATION NUMBER
Classification number 623
Item number CHA/2005
100 1# - MAIN ENTRY--PERSONAL NAME
Personal name Chapman, Stephen J.
245 10 - TITLE STATEMENT
Title Electric machinery fundamentals
250 ## - EDITION STATEMENT
Edition statement 4th ed.
260 ## - PUBLICATION, DISTRIBUTION, ETC. (IMPRINT)
Place of publication, distribution, etc. Boston
Name of publisher, distributor, etc. McGraw-Hill
Date of publication, distribution, etc. 2005
300 ## - PHYSICAL DESCRIPTION
Extent xxii, 746p.
Other physical details ill.
Dimensions 24 cm.
500 ## - GENERAL NOTE
General note Includes bibliographies
650 #0 - SUBJECT ADDED ENTRY--TOPICAL TERM
Topical term or geographic name as entry element Electric engineering
856 41 - ELECTRONIC LOCATION AND ACCESS
Uniform Resource Identifier http://www.loc.gov/catdir/toc/mh041/2003065174.html
856 42 - ELECTRONIC LOCATION AND ACCESS
Uniform Resource Identifier http://www.loc.gov/catdir/description/mh041/2003065174.html
942 ## - ADDED ENTRY ELEMENTS (KOHA)
Koha item type General Book
Holdings
Location (home branch) Koha issues (times borrowed) Not for loan Piece designation (barcode) Koha item type Shelving location Koha out on loan Date acquired Withdrawn status Koha date last borrowed Koha date last seen Damaged status Koha full call number Source of classification or shelving scheme Lost status Sublocation or collection (holding branch) Copy number Price effective from Koha renewals Koha normalized classification for sorting
Central Library, BUET15 103333General BookCirculation section 2014-08-30 2024-12-182025-04-16 623/CHA/2005  Central Library, BUET12014-08-30 623_000000000000000_CHA_2005
Central Library, BUET23 103335General BookCirculation section 2014-08-30 2026-03-302026-04-15 623/CHA/2005  Central Library, BUET22014-08-30 623_000000000000000_CHA_2005
Central Library, BUET2 103336General BookCirculation section2017-02-262014-08-30 2016-02-272016-02-27 623/CHA/2005  Central Library, BUET32014-08-30 623_000000000000000_CHA_2005
Central Library, BUET11 103337General BookCirculation section2022-12-062014-08-30 2022-11-222022-11-22 623/CHA/2005  Central Library, BUET42014-08-301623_000000000000000_CHA_2005
Central Library, BUET17 103339General BookCirculation section2025-12-152015-01-26 2025-12-012025-12-01 623/CHA/2005  Central Library, BUET52015-01-26 623_000000000000000_CHA_2005
Central Library, BUET25 103340General BookCirculation section 2015-12-30 2026-01-072026-02-03 623/CHA/2005  Central Library, BUET62015-12-30 623_000000000000000_CHA_2005